[Event "Biel Rapid op 57th"]
[Site "Biel"]
[Date "2024.07.14"]
[Round "1"]
[White "Madaminov, Mukhiddin"]
[Black "Mani, Thomas"]
[Result "1-0"]
[WhiteElo "2512"]
[BlackElo "1839"]
[PlyCount "29"]
[EventDate "2024.07.14"]
[EventType "swiss (rapid)"]
[EventRounds "9"]
[EventCountry "SUI"]
[SourceTitle "EXT 2025"]
[Source "ChessBase"]
[SourceDate "2024.10.14"]
[SourceVersion "1"]
[SourceVersionDate "2024.10.14"]
[SourceQuality "1"]

1. e4 c5 2. Nf3 Nc6 3. Bb5 d6 4. 0-0 Bd7 5. Re1 e6 6. c3 Be7 7. d4 Nf6 8. dxc5 dxc5 9. Qe2 0-0 10. e5 Nd5 11. Bd3 f5 12. exf6 Nxf6 13. Nbd2 Re8 14. Ne4 e5 15. Neg5 1-0

[Event "Biel op-B 56th"]
[Site "Biel"]
[Date "2023.07.26"]
[Round "9"]
[White "Mani, Thomas"]
[Black "Colak, Furkan"]
[Result "1-0"]
[WhiteElo "1629"]
[BlackElo "1515"]
[PlyCount "127"]
[EventDate "2023.07.17"]
[EventType "swiss"]
[EventRounds "9"]
[EventCountry "SUI"]
[SourceTitle "EXT 2024"]
[Source "ChessBase"]
[SourceDate "2023.10.10"]
[SourceVersion "1"]
[SourceVersionDate "2023.10.10"]
[SourceQuality "1"]

1. c4 e5 2. Nc3 Nf6 3. Nf3 Nc6 4. e3 Be7 5. d4 exd4 6. Nxd4 Nxd4 7. exd4 d5 8. c5 0-0 9. Be2 Bf5 10. 0-0 b6 11. Be3 bxc5 12. dxc5 c6 13. Qa4 Qd7 14. Rfd1 a5 15. Rd2 Qb7 16. Bf3 Rfc8 17. Qf4 Bg6 18. Na4 Bd8 19. Bd4 Ne4 20. Bxe4 Bxe4 21. Qg3 Bg6 22. h4 h5 23. Re1 Qb4 24. Nc3 Bc7 25. Qg5 Re8 26. Re7 Rxe7 27. Qxe7 Qb8 28. Re2 Kh7 29. Qd7 Qc8 30. Re7 Bf4 31. Qxc8 Rxc8 32. g3 Bc1 33. Na4 Kg8 34. Nb6 Rd8 35. Rc7 Re8 36. Rc8 f6 37. Rxe8+ Bxe8 38. Bc3 Bg6 39. Nc8 Kf8 40. Kf1 Ke8 41. Ke2 Bc2 42. Nd6+ Kd7 43. Bd4 a4 44. a3 Ke7 45. Nc8+ Ke6 46. Nd6 Bh6 47. Bc3 d4 48. Bxd4 Kd5 49. Be3 Bxe3 50. Kxe3 Kxc5 51. Ne8 Kc4 52. Kd2 Kb3 53. Kc1 c5 54. Nxg7 c4 55. Ne6 Bh7 56. Nc5+ Ka2 57. Nxa4 Kb3 58. Nc5+ Ka2 59. a4 Bg8 60. Kc2 f5 61. a5 Bd5 62. a6 Bc6 63. a7 Bd5 64. Na6 1-0

[Event "Biel op-B 56th"]
[Site "Biel"]
[Date "2023.07.19"]
[Round "3"]
[White "Zafeiridis, Athanasios"]
[Black "Mani, Thomas"]
[Result "1-0"]
[WhiteElo "1878"]
[BlackElo "1629"]
[PlyCount "53"]
[EventDate "2023.07.17"]
[EventType "swiss"]
[EventRounds "9"]
[EventCountry "SUI"]
[SourceTitle "EXT 2024"]
[Source "ChessBase"]
[SourceDate "2023.10.10"]
[SourceVersion "1"]
[SourceVersionDate "2023.10.10"]
[SourceQuality "1"]

1. d4 Nf6 2. c4 e6 3. Nc3 d5 4. Bf4 Be7 5. e3 0-0 6. Nf3 b6 7. Be2 dxc4 8. Bxc4 Bb7 9. 0-0 a6 10. Ne5 b5 11. Be2 Nd5 12. Nxd5 Bxd5 13. Bd3 f5 14. h3 Nd7 15. Qc2 Nxe5 16. Bxe5 Bd6 17. e4 fxe4 18. Bxe4 Bxe4 19. Qxe4 Bxe5 20. dxe5 Qd5 21. Qxd5 exd5 22. Rac1 Ra7 23. Rc5 Rd8 24. Rd1 d4 25. f4 d3 26. Kf2 Rf8 27. Ke3 1-0